Presidente civil ou militar? - Sudden Death - Statistics

Estatísticas Gerais
  • Esse quiz foi jogado 164 vezes
  • A pontuação média é 9 de 16
Answers on the Grid
Answers color-coded by a green-red scale on the quiz's grid according to % correct below.
Arthur Bernardes
Café Filho
Castelo Branco
Costa e Silva
Delfim Moreira
Deodoro da Fonseca
Epitacio Pessôa
Ernesto Geisel
Fernando Collor
Floriano Peixoto
Gaspar Dutra
Getúlio Vargas
Hermes da Fonseca
Itamar Franco
Jânio Quadros
João Figueiredo
João Goulart
Juscelino Kubitschek
Nereu Ramos
Nilo Peçanha
Prudente de Moraes
Rodrigues Alves
Venceslau Brás
Washington Luís
 
Estatísticas das Respostas
Resposta % Correto
Fernando Collor
70%
Jânio Quadros
70%
Itamar Franco
69%
Getúlio Vargas
68%
Juscelino Kubitschek
66%
João Goulart
62%
Café Filho
61%
Nereu Ramos
53%
Nilo Peçanha
51%
Washington Luís
50%
Epitacio Pessôa
49%
Venceslau Brás
49%
Delfim Moreira
46%
Rodrigues Alves
46%
Arthur Bernardes
45%
Prudente de Moraes
41%
Nenhum quiz correspondente encontrado
Distribuição das Pontuações
Porcentagem de Pessoas com Cada Pontuação
Percentil de Números Respondidos
Sua Pontuação Histórica
Você não jogou esse quiz